000 01275pam a2200325 a 4500
001 599850
005 20250224105832.0
008 911106r19921960nyua 001 0 eng
035 _9(DLC) 91042308
906 _a7
_bcbc
_corignew
_d1
_eocip
_f19
_gy-gencatlg
010 _a 91042308
020 _a0471572780 (pbk. : alk. paper)
040 _aDLC
_cDLC
_dDLC
050 0 0 _aQA273
_b.P272 1992
082 0 0 _a519.2
_220
100 1 _aParzen, Emanuel,
_d1929-
_94628
245 1 0 _aModern probability theory and its applications /
_cEmanuel Parzen.
250 _aWiley classics library ed.
260 _aNew York :
_bWiley,
_c1992.
300 _axv, 464 p. :
_bill. ;
_c23 cm.
440 2 _aA Wiley publication in mathematical statistics
_94629
490 0 _aWiley classics library
500 _aOriginally published: New York : Wiley, 1960.
500 _aIncludes index.
650 0 _aProbabilities.
_91388
856 4 2 _3Publisher description
_uhttp://www.loc.gov/catdir/description/wiley031/91042308.html
856 4 _3Table of Contents
_uhttp://www.loc.gov/catdir/toc/onix01/91042308.html
991 _bc-GenColl
_hQA273
_i.P272 1992
_p00034990244
_tCopy 1
_wBOOKS
999 _c473
_d473